eternal sunshine deluxe: brighter days ahead all songs - Statistics

General Stats
  • This quiz has been taken 26 times
  • The average score is 17 of 19
Answer Stats
Number Song Title % Correct
Song 17 dandelion
100%
Song 5 eternal sunshine
100%
Song 1 intro/ end of the world
100%
Song 14 intro/ end of the world- extended
100%
Song 18 past life
100%
Song 16 warm
100%
Song 2 bye
94%
Song 19 Hampstead
94%
Song 8 the boy is mine
94%
Song 15 twilight zone
94%
Song 10 we can't be friends/ wait for your love
94%
Song 9 yes, and?
94%
Song 6 supernatural
89%
Song 7 true story
89%
Song 3 don't wanna break up again
83%
Song 4 Saturn Returns Interlude
83%
Song 12 imperfect for you
78%
Song 11 i wish i hated you
78%
Song 13 ordinary things
78%
No matching quizzes found
Score Distribution
Percent of People with Each Score
Percentile by Number Answered
Your Score History
You have not taken this quiz